| 000 | 00000nam##2200000za#4500 |
| 001 | 9.632138 |
| 003 | CaOODSP |
| 005 | 20220901164731 |
| 007 | cr ||||||||||| |
| 008 | 150407|2005||||xxc|||||o f|0| 0 fre|d |
| 020 | |a0-662-74741-0 |
| 040 | |aCaOODSP|bfre |
| 043 | |an-cn--- |
| 086 | 1 |aJ2-128/2005F-PDF |
| 110 | 1 |aCanada.|bJustice Canada. |
| 245 | 10|aL'appareil judiciaire du Canada |h[ressource électronique] |
| 260 | |aOttawa - Ontario : |bJustice Canada |cc2005. |
| 300 | |a20p.|borganigramme |
| 500 | |aLe n° de catalogue (J2-128/2005) et l'ISBN (0-662-69199-7) de l'édition imprimée bilingue ont été incorrectement copiés dans la version électronique. |
| 520 | 3 |aLa présente brochure décrit de façon générale l'appareil judiciaire du Canada, c'est-à-dire les différents types et paliers de tribunaux, ainsi que leurs responsabilités. |
| 590 | |a12-20-Supp|b2012-05-09 |
| 691 | 07|aSystème judiciaire|2gcpds |
| 775 | 08|tCanada's court system |w(CaOODSP)9.687694 |
| 776 | 0#|tCanada's court system |w(CaOODSP)9.666749 |
| 776 | 0#|tL'appareil judiciaire du Canada |w(CaOODSP)9.666750 |
| 856 | 40|ahttp://publications.gc.ca|qPDF|s211 Ko|uhttps://publications.gc.ca/collections/collection_2012/jus/J2-128-2005-fra.pdf |